| 000 | 00943nam a22002653 4500 | ||
|---|---|---|---|
| 001 | 31509 | ||
| 003 | BD-RjUL | ||
| 005 | 20211209051718.0 | ||
| 008 | 140420r19071906enk b 001 0 d | ||
| 035 | _a(BD-RjUL)31597 | ||
| 040 |
_aDLC _beng _cDLC _dBD-RjUL |
||
| 041 | _aeng | ||
| 082 | 0 | 4 |
_a133.88 _bMYH 1907 |
| 100 | 1 |
_aMyers, Frederic William H. _995902 |
|
| 245 | 1 | 0 |
_aHuman personality and its survival of bodily death / _cBy Frederic W.H. Myers. Ed. and abriged by his son Leopold Hamilton Myers. |
| 250 | _a1st ed. | ||
| 260 |
_aLondon ; _aBombay : _bLongmans, Green, and Co., _c1906 [reprinted 1907]. |
||
| 300 |
_axviii, 470 p. ; _c22 cm. |
||
| 504 | _aIncludes bibliographical references and index. | ||
| 650 | 0 |
_aParapsychology _995903 |
|
| 690 | 0 | 0 |
_aPhysiology _xMental processes _2pre20 _978 |
| 690 | 0 | 0 |
_aTheology _xMythology and folktales _xSpirits _2pre20 _979 |
| 700 | 1 |
_aMyers, Leopold Hamilton, _eed. _995904 |
|
| 942 |
_2ddc _cBK |
||
| 999 |
_c31509 _d31509 |
||